000 01398nam a2200361 a 4500
001 ELB74410
003 FlNmELB
006 m o d |
007 cr cn|||||||||
008 201009r2004 mx |||||s|||||||||||spa d
020 _z9789703214464
035 _a(MiAaPQ)EBC3190408
035 _a(Au-PeEL)EBL3190408
035 _a(CaPaEBR)ebr10411221
035 _a(OCoLC)1105869335
040 _aFlNmELB
_bspa
_cFlNmELB
050 4 _aKGF2548
_bA859 2004
080 _a342.565.2(72)
082 0 4 _a342.72
_222
100 1 _aAstudillo Reyes, Cesar I.
245 1 0 _aEnsayos de justicia constitucional en cuatro ordenamientos de México
_h[recurso electronico] :
_bVeracruz, Coahuila, Tlaxcala y Chiapas /
_cCésar I. Astudillo Reyes.
250 _a1. ed.
260 _aMexico :
_bUniversidad Nacional Autónoma de México, Instituto de Investigaciones Jurídicas,
_c2004.
300 _axxviii, 409 p.
440 0 _aSerie Doctrina jurídica ;
_v177
533 _aRecurso electrónico. Santa Fe, Arg.: e-libro, 2015. Disponible vía World Wide Web. El acceso puede estar limitado para las bibliotecas afiliadas a e-libro.
650 4 _aConstitutional courts
_zMexico.
650 4 _aJudicial review
_zMexico.
650 4 _aTribunales constitucionales
_zMéxico.
655 4 _aLibros electrónicos.
710 2 _ae-libro, Corp.
856 4 0 _uhttps://elibro.net/ereader/usam/74410
999 _c146434
_d146434